[Event "Let's Play Chess!"]
[Site "http://www.queenalice.com/game.php?id=1594987"]
[Date "2020.1.3"]
[Round "-"]
[White "ztnilz"]
[Black "PROFALEXANDRE"]
[Result "1-0"]
[WhiteElo "1897"]
[BlackElo "1748"]

1. d4 d5 2. c4 dxc4 3. e4 Nf6 4. e5 Nd5 5. Bxc4 Nc6 6. Qf3 e6 7. Ne2 Bb4+ 8.
Nbc3 Bxc3+ 9. bxc3 Qe7 10. a4 Na5 11. Bxd5 exd5 12. Qxd5 Nc6 13. Ba3 Qg5 14. O-O
Be6 15. Qe4 O-O-O 16. f4 Qh4 17. g3 Qh5 18. f5 Bd5 19. Nf4 Qg5 20. Qd3 Bb3 21.
Qb1 Bxa4 22. d5 Na5 23. Bb4 Bb5 24. Rd1 b6 25. Bxa5 bxa5 26. Qxb5 Qxf5 27. e6
fxe6 28. Nxe6 Rd7 29. Qa6+ Kb8 30. Rab1+ Ka8 31. Qb7# 1-0

[Event "Let's Play Chess!"]
[Site "http://www.queenalice.com/game.php?id=1594989"]
[Date "2020.1.3"]
[Round "-"]
[White "PROFALEXANDRE"]
[Black "ztnilz"]
[Result "0-1"]
[WhiteElo "1720"]
[BlackElo "1898"]

1. e4 c5 2. Bc4 e6 3. Nf3 Nc6 4. c3 e5 5. O-O h6 6. h3 Nf6 7. d3 Be7 8. Nh4 d6
9. Bb5 Bd7 10. Bxc6 Bxc6 11. Nf5 g6 12. Nxh6 Rxh6 13. Bxh6 Kd7 14. Nd2 Qg8 15.
Bg5 Nh5 16. Bxe7 Kxe7 17. Nc4 f5 18. f3 Nf4 19. exf5 gxf5 20. Qd2 Nxh3+ 21. Kh1
Nf4 22. Kg1 Qg3 23. Rf2 Nh3+ 24. Kf1 Nxf2 25. Qxf2 Qh2 26. Ke2 Rg8 27. Ne3 Ke6
28. b4 f4 29. Ng4 Qh7 30. bxc5 d5 31. Rc1 a6 32. d4 e4 33. Ne5 e3 34. Qf1 Qh2
35. Ng4 Rxg4 36. fxg4 Bb5+ 37. c4 Bxc4+ 38. Rxc4 dxc4 39. Kd1 Kd5 40. Qxf4 Qxf4
41. Ke2 Kxd4 0-1

[Event "AUTO-ADV-4284"]
[Site "http://www.queenalice.com/game.php?id=1595769"]
[Date "2020.1.10"]
[Round "1"]
[White "clovis"]
[Black "PROFALEXANDRE"]
[Result "1-0"]
[WhiteElo "1918"]
[BlackElo "1722"]

1. e4 e5 2. Bc4 Nf6 3. Nc3 Bb4 4. Nf3 Bxc3 5. dxc3 h6 6. Nxe5 Rf8 7. O-O d6 8.
Nxf7 Rxf7 9. Bxf7+ Kxf7 10. f4 Nxe4 11. Qd5+ Be6 12. Qxe4 Nd7 13. f5 Bxa2 14.
Rxa2 c6 15. Qe6+ Kf8 16. Bxh6 gxh6 17. Qxh6+ Kg8 18. Ra4 Qb6+ 19. Kh1 Qe3 20.
Rg4+ Kf7 21. Rg7+ Ke8 22. Qxe3+ Ne5 23. Qh6 Nf7 24. Qe6+ Kd8 25. Qxf7 b5 26.
Qd7# 1-0

[Event "AUTO-ADV-4284"]
[Site "http://www.queenalice.com/game.php?id=1595770"]
[Date "2020.1.10"]
[Round "1"]
[White "PROFALEXANDRE"]
[Black "clovis"]
[Result "0-1"]
[WhiteElo "1708"]
[BlackElo "1942"]

1. e4 e5 2. Nf3 Nc6 3. Bb5 f5 4. Bxc6 dxc6 5. exf5 e4 6. Nd4 Qxd4 7. O-O Nf6 8.
c3 Qe5 9. b3 Bd6 10. g3 Bxf5 11. Re1 h5 12. d3 h4 13. Bf4 Qe6 14. Bxd6 Bg4 15.
Rxe4 Nxe4 16. Qe1 Nxd6 17. Qxe6+ Bxe6 18. Nd2 O-O-O 19. Nf3 hxg3 20. fxg3 Bd5
21. Ng5 Rxh2 22. Kxh2 Rh8+ 23. Nh3 Be6 24. Rf1 Rxh3+ 25. Kg2 Rh8 26. Re1 Bd5+
27. Kg1 Rh1+ 28. Kf2 Rh2+ 29. Ke3 Rxa2 30. c4 Bf7 31. Rf1 c5 32. g4 Rb2 33. g5
Rxb3 34. g6 Bxg6 35. Rf8+ Kd7 36. Kf4 Rxd3 37. Kg5 Bf7 38. Rh8 a5 39. Rh7 a4 40.
Rxg7 Rg3+ 41. Kh6 Nf5+ 42. Kh7 Rh3# 0-1

[Event "AUTO-ADV-4284"]
[Site "http://www.queenalice.com/game.php?id=1595785"]
[Date "2020.1.10"]
[Round "1"]
[White "Boeing"]
[Black "PROFALEXANDRE"]
[Result "1-0"]
[WhiteElo "1871"]
[BlackElo "1682"]

1. e4 e5 2. Qh5 Nc6 3. Bc4 g6 4. Qf3 Nf6 5. c3 d6 6. h3 Qe7 7. Ne2 Be6 8. Bxe6
Qxe6 9. O-O O-O-O 10. d4 exd4 11. Nxd4 Nxd4 12. cxd4 Qc4 13. d5 Nxe4 14. Qg4+
Kb8 15. b3 Qd4 16. Nc3 Qxc3 17. Bg5 Nxg5 18. Qxg5 Bg7 19. Rac1 Qa5 20. a4 f6 21.
Qg3 Qxd5 22. Rfd1 Qa5 23. h4 h5 24. Qxg6 Rhg8 25. Qf7 Rc8 26. Rd5 Qb6 27. Rb5
Qd4 28. Rxc7 Qd1+ 29. Kh2 Rxc7 30. Qxg8+ Rc8 31. Qxg7 b6 32. a5 Qd3 33. Qd7 f5
34. axb6 a6 35. Qa7# 1-0

[Event "AUTO-ADV-4284"]
[Site "http://www.queenalice.com/game.php?id=1595786"]
[Date "2020.1.10"]
[Round "1"]
[White "PROFALEXANDRE"]
[Black "Boeing"]
[Result "1-0"]
[WhiteElo "1611"]
[BlackElo "1881"]

1. e4 e5 2. Nf3 d6 3. h3 Nc6 4. Bb5 Bd7 5. O-O Nf6 6. Nc3 Nd4 7. Bxd7+ Qxd7 8.
d3 h6 9. Be3 c5 10. Bxd4 cxd4 11. Nd5 Nxd5 12. exd5 Be7 13. c4 dxc3 14. bxc3 O-O
15. d4 e4 16. Nd2 f5 17. Nc4 b5 18. Na5 Bd8 19. Nc6 a5 20. a4 b4 21. cxb4 axb4
22. Nxb4 Bb6 23. Nc6 Rfe8 24. Qc2 Bxd4 25. Nxd4 g6 26. Qa2 Reb8 27. Rfc1 Rb4 28.
Ne6 Rbxa4 29. Qb2 Rxa1 30. Rxa1 Rxa1+ 31. Qxa1 Kf7 32. Qg7+ Ke8 33. Qxd7+ Kxd7
34. Kf1 Ke7 35. Ke2 Kf6 36. Ke3 Ke5 37. Nf4 g5 38. Ng6+ Kxd5 39. Ne7+ Ke6 40.
Ng8 h5 41. g4 hxg4 42. hxg4 fxg4 43. Nh6 g3 44. fxg3 Ke5 45. Ng4+ Kf5 46. Nh6+
Kg6 47. Ng4 Kf5 48. Nf2 d5 49. g4+ Ke5 50. Nh3 d4+ 51. Ke2 d3+ 52. Ke3 d2 53.
Kxd2 Kd4 54. Nxg5 Ke5 55. Ke3 Kf6 56. Nxe4+ Kg6 57. Kf4 Kh6 58. g5+ Kg6 59. Nf6
Kg7 60. Kf5 Kf7 61. g6+ Kg7 62. Nh7 Kg8 63. Kf6 Kh8 64. Nf8 Kg8 65. Ne6 Kh8 66.
g7+ Kg8 67. Nd8 Kh7 68. Kf7 1-0

[Event "AUTO-ADV-4284"]
[Site "http://www.queenalice.com/game.php?id=1595797"]
[Date "2020.1.10"]
[Round "1"]
[White "PROFALEXANDRE"]
[Black "Danado"]
[Result "1-0"]
[WhiteElo "1699"]
[BlackElo "1725"]

1. e4 e5 2. Nf3 d6 3. h3 h6 4. Nc3 a6 5. Bc4 Nf6 6. O-O Nc6 7. a3 Be6 8. Bxe6
fxe6 9. d4 exd4 10. Nxd4 Nxd4 11. Qxd4 e5 12. Qd3 Qd7 13. Qg3 O-O-O 14. Qe3 d5
15. Qa7 Qc6 16. exd5 Qb6 17. Qxb6 cxb6 18. Be3 b5 19. Bb6 Rd6 20. Ba5 Nxd5 21.
Rae1 Nxc3 22. Bxc3 Rd5 23. f4 exf4 24. Rxf4 Bc5+ 25. Kh1 Kb8 26. Rf7 Bd4 27.
Bxd4 Rxd4 28. Ree7 g5 29. Rxb7+ Kc8 30. Rfc7+ 1-0

[Event "AUTO-ADV-4284"]
[Site "http://www.queenalice.com/game.php?id=1595798"]
[Date "2020.1.10"]
[Round "1"]
[White "Danado"]
[Black "PROFALEXANDRE"]
[Result "0-1"]
[WhiteElo "1708"]
[BlackElo "1733"]

1. e4 e5 2. d4 exd4 3. Qxd4 Nc6 4. Qe3 h6 5. a3 Nf6 6. Nc3 b6 7. Bd3 Bc5 8. Qg3
Bd6 9. Qxg7 Rg8 10. Qxh6 Rxg2 11. Bg5 Be7 12. Qh8+ Bf8 13. Bxf6 Ne7 14. Bg7 Rxg7
15. Nge2 Ng6 16. Qh6 Qf6 17. Qe3 Nh4 18. O-O-O Bc5 19. Qh3 d6 20. Nd5 Qh6+ 21.
Kb1 Bxh3 22. Nxc7+ Kf8 23. Nxa8 f6 24. Ng3 Bxf2 25. c3 Nf3 26. Nc7 Rxc7 27. Nf5
Bxf5 28. exf5 Bc5 29. h3 Ne5 30. Bc2 a5 31. Be4 Qh4 32. Bc2 Nc4 33. Ka2 Ne3 34.
Rc1 Qc4+ 35. Kb1 Nxc2 36. Rxc2 Qd3 37. h4 Qe4 0-1

[Event "AUTO-INT-3493"]
[Site "http://www.queenalice.com/game.php?id=1595899"]
[Date "2020.1.10"]
[Round "1"]
[White "PROFALEXANDRE"]
[Black "fracasso"]
[Result "1-0"]
[WhiteElo "1680"]
[BlackElo "1464"]

1. e4 e5 2. Nf3 Nc6 3. Bb5 a6 4. Bxc6 dxc6 5. h3 c5 6. Nxe5 f6 7. Nc4 Ne7 8. O-O
b5 9. Ne3 g6 10. b3 Nc6 11. Bb2 Nd4 12. c3 Nc6 13. Qf3 Bd6 14. c4 bxc4 15. bxc4
O-O 16. Ng4 h5 17. Bxf6 Ne7 18. Nh6+ Kh7 19. Bxe7 Qxe7 20. Qe3 Qe5 21. g3 Qxa1
22. Nc3 Qb2 23. Rb1 Qa3 24. e5 Bxe5 25. Rb3 Qa5 26. g4 Be6 27. Qxe5 Rfe8 28. Qf4
Rf8 29. Qe3 Bxc4 30. Rb7 Rfe8 31. Qf4 Rf8 32. Rxc7+ Kh8 33. Qe5+ 1-0

[Event "AUTO-INT-3493"]
[Site "http://www.queenalice.com/game.php?id=1595900"]
[Date "2020.1.10"]
[Round "1"]
[White "fracasso"]
[Black "PROFALEXANDRE"]
[Result "1-0"]
[WhiteElo "1457"]
[BlackElo "1661"]

1. e4 e5 2. Nf3 d6 3. c3 Bg4 4. h3 Bh5 5. Bb5+ c6 6. Bc4 Nf6 7. d4 exd4 8. cxd4
h6 9. O-O Be7 10. Qb3 b5 11. Bd3 Bxf3 12. gxf3 O-O 13. f4 Nbd7 14. e5 dxe5 15.
fxe5 Nh5 16. Nc3 Bg5 17. Ne2 Bxc1 18. Raxc1 Qg5+ 19. Kh1 Rac8 20. a4 a6 21. Rg1
Qh4 22. Kg2 Nf4+ 23. Nxf4 Qxf4 24. Kf1 Qxd4 25. Bf5 Rcd8 26. e6 fxe6 27. Rd1 Qe5
28. Bxe6+ Kh8 29. Bxd7 bxa4 30. Qxa4 Qf5 31. Bxf5 Rxd1+ 32. Qxd1 Rxf5 33. Qd8+
Kh7 34. Qd7 Rg5 35. Rxg5 hxg5 36. Qxc6 a5 37. Qa4 Kh6 38. Qxa5 g6 39. b4 Kh5 40.
b5 Kh4 41. Qc3 g4 42. hxg4 Kxg4 43. b6 g5 44. b7 Kh5 45. b8=Q g4 46. Qcg3 Kg5
47. Qbf4+ Kg6 48. Qfxg4+ Kf6 49. Qe3 Kf7 50. Qf5+ Kg7 51. Qg3+ Kh6 52. Qfg5+ Kh7
53. Qh3# 1-0

[Event "AUTO-INT-3493"]
[Site "http://www.queenalice.com/game.php?id=1595901"]
[Date "2020.1.10"]
[Round "1"]
[White "PROFALEXANDRE"]
[Black "kanibal"]
[Result "1-0"]
[WhiteElo "1714"]
[BlackElo "1574"]

1. e4 e5 2. Nf3 Nc6 3. Bb5 a6 4. Bxc6 dxc6 5. h3 Bd6 6. Nc3 Nf6 7. d4 O-O 8. Bg5
exd4 9. Qxd4 c5 10. Qe3 h6 11. Bh4 g5 12. Bg3 b6 13. e5 Re8 14. O-O Nh7 15. Rad1
Bd7 16. Qd3 Be7 17. a4 Qc8 18. Qc4 Be6 19. Qe4 c6 20. h4 f5 21. exf6 Bxf6 22.
Qg6+ Bg7 23. Be5 Re7 24. Rd6 Nf8 25. Qd3 Bf5 26. Qc4+ Kh8 27. Bxg7+ Rxg7 28.
Rxh6+ Rh7 29. Rxh7+ Bxh7 30. Nxg5 Qc7 31. Nf7+ Kg7 32. Ng5 Rd8 33. Ne6+ Nxe6 34.
Qxe6 Bxc2 35. Qg4+ Kf7 36. h5 Rh8 37. Ne2 Bd3 38. Re1 Rg8 39. Qf3+ Kg7 40. Qxd3
Kh6 41. Qf5 Rg5 42. Qf8+ Kxh5 43. Nf4+ Kg4 44. Nh3 Rf5 45. Qg8+ Kh4 46. Re4+ Kh5
47. Qh8+ Kg6 48. Re6+ Kf7 49. Qh7+ Kxe6 50. Qxc7 Kd5 51. Nf4+ Kc4 52. Ne2 Kb4
53. Qxc6 Ka5 54. Nc3 Kb4 55. Qxb6+ Kc4 56. Qe6+ 1-0

[Event "AUTO-INT-3493"]
[Site "http://www.queenalice.com/game.php?id=1595902"]
[Date "2020.1.10"]
[Round "1"]
[White "kanibal"]
[Black "PROFALEXANDRE"]
[Result "0-1"]
[WhiteElo "1575"]
[BlackElo "1711"]

1. e4 e5 2. Nf3 d6 3. Bc4 h6 4. h3 Nf6 5. d3 a6 6. a4 Nc6 7. Nc3 Na5 8. O-O Be7
9. Nd5 O-O 10. Nh4 Nxd5 11. Bxd5 Bxh4 12. b4 Nc6 13. Be3 Nxb4 14. Qb1 Nxd5 15.
Bd2 Qf6 16. Be3 Qg6 17. Qc1 Bxh3 18. g3 Bxf1 19. Kxf1 Be7 20. c4 Nb4 21. Bd2
Nxd3 22. Qb1 Qxe4 23. Be3 Qh1+ 24. Ke2 Qe4 25. Qxd3 Qg4+ 26. Kd2 d5 27. cxd5
Qb4+ 28. Ke2 Qg4+ 29. Kf1 Qh3+ 30. Ke2 Rad8 31. Rc1 c6 32. Bb6 Rxd5 33. Qe3 Bg5
34. Qc3 Bxc1 35. Qxc1 Qg4+ 36. Ke3 Qg5+ 37. f4 exf4+ 38. gxf4 Qg3+ 39. Ke2 Re8+
40. Be3 Qg2+ 41. Ke1 Qg1+ 42. Ke2 Qxc1 0-1

[Event "AUTO-INT-3493"]
[Site "http://www.queenalice.com/game.php?id=1595903"]
[Date "2020.1.10"]
[Round "1"]
[White "PROFALEXANDRE"]
[Black "Bigchess"]
[Result "0-1"]
[WhiteElo "1738"]
[BlackElo "1683"]

1. e4 e5 2. Nf3 d6 3. h3 Nc6 4. Bb5 Bd7 5. Bxc6 Bxc6 6. Nc3 Nf6 7. d3 Be7 8. Bg5
h6 9. Bh4 Qd7 10. Bxf6 Bxf6 11. O-O a6 12. a4 O-O 13. b4 b6 14. d4 exd4 15. Nxd4
Bb7 16. Nce2 Bxe4 17. c4 c6 18. a5 c5 19. bxc5 dxc5 20. Nb3 Qc6 21. Ra3 Bxg2 22.
Re1 Bxh3 23. Nf4 Be6 24. axb6 Qxb6 25. Nh5 Bc3 26. Re3 Bb4 27. Ra1 Bxc4 28. Nc1
a5 29. Qg4 Qg6 30. Qxg6 fxg6 31. Ng3 Bc3 32. Rxc3 Bf7 33. Nd3 c4 34. Ne5 Rfc8
35. Nxf7 Kxf7 36. Ra4 g5 37. Ne4 Ke6 38. Rcxc4 Rxc4 39. Rxc4 a4 40. Nc5+ Kd5 41.
Rxa4 Re8 42. Nd3 Re4 43. Ra5+ Kd4 44. Ra3 g4 45. Kg2 h5 46. Kg3 g5 47. Nb2 h4+
48. Kh2 Re2 49. Rd3+ Ke4 50. Rb3 Rxf2+ 51. Kg1 g3 52. Rb5 h3 53. Rb4+ Kf5 54.
Rb5+ Kg6 55. Nd3 h2+ 56. Kh1 Rf1+ 57. Kg2 Rg1+ 58. Kf3 h1=Q+ 59. Ke3 Re1+ 60.
Nxe1 Qxe1+ 61. Kd4 g2 62. Rb6+ Kh5 63. Rb3 g1=Q+ 64. Kd3 Qgf1+ 65. Kc2 Qc4+ 66.
Kb2 Qec1+ 67. Ka2 Qa4+ 68. Ra3 Qaxa3# 0-1

[Event "AUTO-INT-3493"]
[Site "http://www.queenalice.com/game.php?id=1595904"]
[Date "2020.1.10"]
[Round "1"]
[White "Bigchess"]
[Black "PROFALEXANDRE"]
[Result "0-1"]
[WhiteElo "1732"]
[BlackElo "1716"]

1. e4 e5 2. Nf3 d6 3. Bc4 h6 4. d4 Nd7 5. dxe5 dxe5 6. Qd5 Qe7 7. Nc3 Ngf6 8.
Qd1 b6 9. Nd5 Nxd5 10. Bxd5 Rb8 11. O-O Nc5 12. b4 Na4 13. a3 Nc3 14. Qd3 Nxd5
15. Qxd5 Bb7 16. Qb3 Bxe4 17. Nxe5 Qxe5 18. Bb2 Qg5 19. f3 Bd5 20. Qa4+ c6 21.
Qxa7 Bd6 22. Rae1+ Be6 23. Bc1 Qh5 24. g3 O-O 25. Qa6 Bd5 26. Qe2 Rbe8 27. Qg2
Rxe1 28. Rxe1 Bxf3 29. Qf2 Qd5 30. Bb2 c5 31. Kf1 cxb4 32. Qd4 Qxd4 33. Bxd4
bxa3 34. Ba1 Ra8 0-1

[Event "Jogo 3"]
[Site "http://www.queenalice.com/game.php?id=1596897"]
[Date "2020.1.20"]
[Round "-"]
[White "ztnilz"]
[Black "PROFALEXANDRE"]
[Result "1-0"]
[WhiteElo "1948"]
[BlackElo "1701"]

1. e4 e5 2. Nf3 d6 3. Bc4 h6 4. d4 Bg4 5. Nc3 c6 6. dxe5 Bxf3 7. gxf3 b5 8. Bb3
a5 9. a3 Na6 10. exd6 Nf6 11. e5 Nd7 12. f4 Qh4 13. Qf3 Nab8 14. Nxb5 Na6 15.
Qxc6 Qd8 16. Nc7+ Nxc7 17. dxc7 Qc8 18. e6 fxe6 19. Bxe6 Ra7 20. Bxd7+ Qxd7 21.
c8=Q+ Ke7 22. Be3 Rc7 23. Bc5+ Kf7 24. Q8xd7+ Rxd7 25. Qxd7+ Kg8 26. Bxf8 Kxf8
27. Qd8+ Kf7 28. Qxh8 a4 29. O-O-O Kf6 30. Rd5 Kf7 31. Re5 Kg6 32. Rg1+ Kf6 33.
Qxg7# 1-0

[Event "Jogo 4"]
[Site "http://www.queenalice.com/game.php?id=1596898"]
[Date "2020.1.20"]
[Round "-"]
[White "PROFALEXANDRE"]
[Black "ztnilz"]
[Result "0-1"]
[WhiteElo "1687"]
[BlackElo "1958"]

1. e4 e5 2. Nf3 Nf6 3. d3 Nc6 4. c3 d6 5. h3 h6 6. Be2 b6 7. O-O Bb7 8. Be3 Nh7
9. Nbd2 Be7 10. Qa4 O-O 11. b4 a6 12. d4 exd4 13. Bxd4 Nxd4 14. Nxd4 b5 15. Qc2
Nf6 16. Nf5 Re8 17. Nb3 Bf8 18. f3 Rc8 19. Rad1 Nd7 20. Nbd4 Nf6 21. Qb3 d5 22.
Bd3 c5 23. bxc5 Rxc5 24. Bc2 Qc8 25. Rd3 dxe4 26. fxe4 Bxe4 27. Rg3 Kh7 28. Bxe4
Rxe4 29. Qxf7 Rc7 30. Qg6+ Kh8 31. Nxh6 Qe8 32. Nf7+ Rxf7 33. Rxf6 Rxf6 34. Qg5
Qf7 35. h4 Rf1+ 36. Kh2 Bd6 37. Qd8+ Qf8 38. Qd7 Bxg3+ 39. Kxg3 Qf4+ 40. Kh3
Qxh4# 0-1

[Event "Challenge"]
[Site "http://www.queenalice.com/game.php?id=1597668"]
[Date "2020.1.28"]
[Round "-"]
[White "Bigchess"]
[Black "PROFALEXANDRE"]
[Result "1-0"]
[WhiteElo "1717"]
[BlackElo "1695"]

1. e4 e5 2. Bc4 Nf6 3. Nf3 Nxe4 4. O-O Nd6 5. Nxe5 Nxc4 6. Nxf7 Kxf7 7. Qh5+ g6
8. Qd5+ Kg7 9. Qxc4 d5 10. Qc3+ Kg8 11. d3 Bg7 12. d4 Nc6 13. Be3 Qh4 14. Nd2
Bf5 15. Nf3 Qe4 16. Rfe1 Qe6 17. a3 Bg4 18. Bh6 Qf6 19. Bxg7 Qxg7 20. Ne5 Nxe5
21. Rxe5 Rd8 22. Rae1 h5 23. Re7 Qf8 24. Qxc7 Bf5 25. Qxb7 Bxc2 26. Qxa7 Qf6 27.
Re8+ Rxe8 28. Rxe8+ Qf8 29. Rxf8+ Kxf8 30. Qb8+ Kg7 31. Qc7+ Kh6 32. Qxc2 Re8
33. h3 Re1+ 34. Kh2 Re4 35. Qc3 Re2 36. Qe3+ Rxe3 37. fxe3 Kg5 38. a4 Kf5 39. a5
Ke4 40. a6 Kxe3 41. a7 Kxd4 42. a8=Q Kc4 43. Qa3 d4 44. b3+ Kd5 45. Qa5+ Ke4 46.
Qd2 Kd5 47. b4 Kc4 48. Kg3 g5 49. Kf3 g4+ 50. hxg4 hxg4+ 51. Kxg4 d3 52. Kf4 Kb3
53. b5 Kc4 54. b6 Kc5 55. b7 Kc6 56. b8=Q Kc5 57. Qdb4+ Kd5 58. Qe5+ Kc6 59.
Qbd6+ Kb7 60. Qee7+ Kc8 61. Qdd8# 1-0

[Event "Challenge"]
[Site "http://www.queenalice.com/game.php?id=1597669"]
[Date "2020.1.28"]
[Round "-"]
[White "PROFALEXANDRE"]
[Black "Bigchess"]
[Result "0-1"]
[WhiteElo "1724"]
[BlackElo "1715"]

1. e4 e5 2. Nf3 d6 3. h3 Nf6 4. d3 Be7 5. Nc3 Be6 6. Bg5 Nc6 7. a3 d5 8. exd5
Nxd5 9. Bxe7 Ndxe7 10. Ng5 Bf5 11. Be2 Ng6 12. Qd2 Nf4 13. O-O Qxg5 14. g3 Bxh3
15. Rfe1 Be6 16. Ne4 Nxe2+ 17. Qxe2 Qh6 18. Qf3 f5 19. Nc5 O-O 20. Nxb7 Nd4 21.
Qd1 f4 22. Rxe5 fxg3 23. fxg3 Nf3+ 24. Kg2 Qh2+ 25. Kf1 Bh3# 0-1

[Event "Challenge"]
[Site "http://www.queenalice.com/game.php?id=1598116"]
[Date "2020.2.2"]
[Round "-"]
[White "MADMIKE"]
[Black "PROFALEXANDRE"]
[Result "1-0"]
[WhiteElo "1761"]
[BlackElo "1674"]

1. d4 d5 2. Nc3 e6 3. a3 Nc6 4. Bf4 a6 5. Nf3 h6 6. e4 dxe4 7. Nxe4 Nf6 8. Nxf6+
Qxf6 9. Bxc7 Be7 10. Ne5 Nxe5 11. dxe5 Qf5 12. Bd3 Qg5 13. O-O O-O 14. f4 Qh4
15. Ba5 Bc5+ 16. Kh1 b5 17. Be4 Ra7 18. b4 Be7 19. Bb6 Rd7 20. Qe2 f5 21. Bc6
Rf7 22. Bxd7 Bxd7 23. Bc5 Bxc5 24. bxc5 Bc6 25. Rad1 Rf8 26. Rd6 Be4 27. Rxe6 a5
28. Qxb5 Bxc2 29. c6 Qd8 30. Rg1 Qc8 31. Qc4 Kh8 32. Rg6 Be4 33. Rc1 Qe8 34. Rd6
Qg6 35. Rxg6 h5 36. c7 Kh7 37. Rg5 Rc8 38. Qf7 Rg8 39. Rxh5# 1-0

[Event "Challenge"]
[Site "http://www.queenalice.com/game.php?id=1598117"]
[Date "2020.2.2"]
[Round "-"]
[White "PROFALEXANDRE"]
[Black "MADMIKE"]
[Result "0-1"]
[WhiteElo "1619"]
[BlackElo "1820"]

1. e4 e5 2. Nf3 d6 3. h3 Nf6 4. Nc3 a6 5. d4 exd4 6. Qxd4 Nc6 7. Qd2 Be7 8. Bc4
O-O 9. O-O Be6 10. Bxe6 fxe6 11. Qe3 Nd7 12. b3 Nb4 13. Qd2 Bf6 14. Bb2 c6 15.
a3 Nxc2 16. Qxc2 d5 17. e5 Nxe5 18. Nxe5 Bxe5 19. Rae1 Qd6 20. g3 Bxc3 21. Qxc3
d4 22. Qd3 e5 23. Qe4 Rfe8 24. Rd1 b5 25. Rd3 h6 26. Bc1 Qe6 27. Bd2 Qxh3 28.
Qxc6 Qf5 29. Qd5+ Kh8 30. Rf3 Qg4 31. Bb4 e4 32. Rf4 Qe6 33. Qc5 d3 34. Re1 Qg6
35. Qd5 Rad8 36. Qb7 d2 37. Rd1 e3 38. fxe3 Qxg3+ 39. Kh1 Qh3+ 40. Kg1 Qxe3+ 41.
Rf2 Re6 42. Qg2 Kh7 43. Ba5 Rg6 44. Qxg6+ Kxg6 45. Kf1 Qxb3 46. Rg2+ Kh7 47.
Rdxd2 Rf8+ 48. Kg1 Qxa3 49. Bb6 Rg8 50. Bc7 Qc5+ 51. Kh1 Qxc7 52. Rc2 Qb7 53.
Ra2 b4 54. Kh2 Qc7+ 55. Kh1 a5 56. Rac2 Qb6 57. Ra2 Rf8 58. Ra1 Qb5 59. Rag1 g5
60. Rg4 b3 61. Rb1 Qd5+ 62. Rg2 a4 63. Rb2 a3 64. Rd2 Qb7 65. Kg1 a2 66. Rxa2
bxa2 67. Rxa2 Qb1+ 68. Kg2 Qxa2+ 69. Kg3 Qf2+ 70. Kg4 Qh4# 0-1

[Event "Jogo 05"]
[Site "http://www.queenalice.com/game.php?id=1600071"]
[Date "2020.2.19"]
[Round "-"]
[White "ztnilz"]
[Black "PROFALEXANDRE"]
[Result "1-0"]
[WhiteElo "1981"]
[BlackElo "1636"]

1. e4 e5 2. Nf3 d6 3. c3 Nf6 4. h3 Nxe4 5. Qa4+ c6 6. Qxe4 Nd7 7. d3 h6 8. h4
Nf6 9. Qe2 Bg4 10. g3 Be7 11. Bh3 Qc8 12. Bxg4 Qxg4 13. Nbd2 O-O 14. Ng1 Qxe2+
15. Nxe2 d5 16. f3 Bc5 17. Nb3 Bb6 18. Bd2 c5 19. c4 d4 20. O-O-O Rae8 21. g4
Re6 22. g5 hxg5 23. hxg5 Nh7 24. Rh3 a5 25. a4 f5 26. gxf6 Rexf6 27. Rdh1 Rxf3
28. Rxh7 Kf7 29. Kc2 Rf2 30. Ng3 Rg2 31. Ne4 Ra8 32. Kc1 Ke6 33. Nbxc5+ Bxc5 34.
Nxc5+ Kf6 35. Nxb7 Ra7 36. Nd6 Re7 37. Ne4+ Ke6 38. Bxa5 Ra7 39. b4 Kf5 40. Rf1+
1-0

[Event "Jogo 06"]
[Site "http://www.queenalice.com/game.php?id=1600072"]
[Date "2020.2.19"]
[Round "-"]
[White "PROFALEXANDRE"]
[Black "ztnilz"]
[Result "0-1"]
[WhiteElo "1638"]
[BlackElo "1979"]

1. e4 e5 2. Nf3 Nf6 3. d3 Nc6 4. Bg5 d6 5. h3 Be7 6. Nc3 Be6 7. Be2 d5 8. Bxf6
Bxf6 9. O-O Qd7 10. a3 d4 11. Nb5 a6 12. Nxc7+ Qxc7 13. c4 dxc3 14. bxc3 b5 15.
a4 bxa4 16. Qxa4 O-O 17. d4 Bd7 18. Qc4 exd4 19. cxd4 Rfc8 20. e5 Bd8 21. Bd1
Ne7 22. Qd3 Bb5 23. Qe3 Bxf1 24. Kxf1 Nd5 25. Qd3 Nb4 26. Qd2 Qc3 27. Qxc3 Rxc3
28. Rb1 a5 29. Nd2 Nd3 30. Be2 Rc1+ 31. Rxc1 Nxc1 32. Bf3 Rb8 33. g3 a4 34. Bd5
a3 35. Ke1 a2 36. Bxa2 Nxa2 37. Nc4 Rb4 38. Nd2 Rxd4 39. Nf3 Rb4 0-1

[Event "Challenge"]
[Site "http://www.queenalice.com/game.php?id=1600394"]
[Date "2020.2.23"]
[Round "-"]
[White "MADMIKE"]
[Black "PROFALEXANDRE"]
[Result "1-0"]
[WhiteElo "1796"]
[BlackElo "1637"]

1. d4 d5 2. Nc3 e6 3. a3 Nc6 4. Bf4 a6 5. Nf3 h6 6. e4 dxe4 7. Nxe4 Be7 8. Be2
e5 9. Bxe5 f6 10. Bg3 Bf5 11. Nc3 Bg4 12. d5 Nb8 13. h3 Bxf3 14. Bxf3 Nd7 15.
Bh5+ Kf8 16. O-O Ne5 17. Bxe5 fxe5 18. Qf3+ Nf6 19. Rfe1 Kg8 20. Bg6 Bd6 21. Ne4
Be7 22. c4 Qf8 23. Qf5 Nxe4 24. Qe6+ Qf7 25. Qxf7# 1-0

[Event "Challenge"]
[Site "http://www.queenalice.com/game.php?id=1600395"]
[Date "2020.2.23"]
[Round "-"]
[White "PROFALEXANDRE"]
[Black "MADMIKE"]
[Result "0-1"]
[WhiteElo "1627"]
[BlackElo "1825"]

1. e4 e5 2. Nf3 d6 3. h3 Nf6 4. Nc3 a6 5. Bc4 h6 6. O-O Be7 7. d4 exd4 8. Qxd4
O-O 9. Qe3 Nc6 10. a3 Na5 11. Bd3 Nc6 12. Nd5 Nxd5 13. exd5 Ne5 14. Nxe5 dxe5
15. Qxe5 Bd6 16. Qe4 f5 17. Qd4 c5 18. Qc4 b5 19. Qc3 Kh8 20. Be3 c4 21. Be2 f4
22. Bd4 Rg8 23. Qd2 Bb7 24. Bf3 Qg5 25. Qe2 Bxd5 26. Bxd5 Qxd5 27. c3 Rae8 28.
Qc2 f3 29. g3 Qe6 30. a4 Qxh3 31. Bxg7+ Rxg7 32. Qd2 Qg2# 0-1